Lyrics - Bad Religion - Frank Ocean - Statistics

General Stats
  • This quiz has been taken 73 times
  • The average score is 186 of 230
Answer Stats
Hint Answer % Correct
me"
100%
me
100%
me,
100%
my
100%
a
98%
a,
98%
bad
98%
bad,
98%
I
98%
religion
98%
it
95%
it's
95%
the
95%
to
95%
driver
93%
hour
93%
if
93%
knees
93%
love
93%
refrain taxi
93%
you
93%
you?
93%
brings
91%
for
91%
could
88%
curse
88%
do
88%
"don't
88%
no
88%
post-chorus no,
88%
on
88%
prayer"
88%
him,
86%
him
86%
need
86%
pre-chorus he
84%
said,
84%
told
84%
but
81%
man
81%
meter
81%
nothin'
81%
one
81%
runnin'
81%
verse be
79%
hurt
79%
shrink
79%
so
79%
unrequited
79%
in
77%
make
77%
never
77%
rush
77%
who
77%
"allahu
74%
guess
74%
leave
74%
oh,
74%
oh
74%
akbar"
72%
couldn't
72%
demons,
72%
just
72%
oh
72%
can
70%
take
70%
streets
67%
cult
65%
outrun
63%
and
60%
say,
58%
can't
56%
cup
56%
got
56%
wanna
56%
cyanide
53%
I've
53%
styrofoam
53%
tell
53%
three
53%
"bobo,
51%
lives
51%
this
51%
with
51%
ooh,
49%
(ooh,
49%
ooh
49%
(ooh)
49%
truth
49%
disguise
47%
someone
47%
swear,
47%
head
44%
about
42%
balanced
40%
like
40%
trust
40%
knives
37%
way
37%
only
35%
yeah
35%
steak
33%
have
28%
feelin'
26%
No matching quizzes found
Score Distribution
Percent of People with Each Score
Percentile by Number Answered
Your Score History
You have not taken this quiz